Intellectra : (Registro nro. 50260)
[ vista simple ]
| 000 -LEADER | |
|---|---|
| fixed length control field | 02771nam a2200349 4500 |
| 003 - CONTROL NUMBER IDENTIFIER | |
| control field | CO-CtgCURN |
| 005 - DATE AND TIME OF LATEST TRANSACTION | |
| control field | 20251212125046.0 |
| 008 - FIXED-LENGTH DATA ELEMENTS--GENERAL INFORMATION | |
| fixed length control field | 160531s2025 000 0 eng d |
| 040 ## - CATALOGING SOURCE | |
| Original cataloging agency | CO-CtgCURN |
| Language of cataloging | spa |
| Transcribing agency | coctgcurn |
| 082 0# - DEWEY DECIMAL CLASSIFICATION NUMBER | |
| Classification number | INS 2025 |
| Item number | B562 |
| 100 1# - MAIN ENTRY--PERSONAL NAME | |
| Personal name | Betancourt Espriella, Santiago. |
| 245 10 - TITLE STATEMENT | |
| Title | Intellectra : |
| Remainder of title | Plataforma de servicios de IA Multimodal como estrategia para implementar ajustes razonables a estudiantes con diversidad cognitiva en la Facultad de Ingeniería / |
| Statement of responsibility, etc. | Santiago Betancourt Espriella; Edwin Enrique Bayuelo Bello; Daniel Jose Meriño Torres; Director: Jairo Acosta Solano; Co-directores: Yenny Julio Narváez, Marena Vitola Quintero, Yair Cardona Acuña. |
| 260 ## - PUBLICATION, DISTRIBUTION, ETC. | |
| Place of publication, distribution, etc. | Cartagena de Indias : |
| Name of publisher, distributor, etc. | Corporación Universitaria Rafael Nuñez, |
| Date of publication, distribution, etc. | 2025. |
| 300 ## - PHYSICAL DESCRIPTION | |
| Extent | 94 hojas. |
| 336 ## - CONTENT TYPE | |
| Source | rdacontent |
| 337 ## - MEDIA TYPE | |
| Source | rdamedia |
| Media type term | sin mediacion |
| Media type code | n |
| 338 ## - CARRIER TYPE | |
| Source | rdacarrier |
| Carrier type term | volumen |
| Carrier type code | nc |
| 502 ## - DISSERTATION NOTE | |
| Dissertation note | Trabajo de grado (Ingeniero de Sistemas). Corporación Universitaria Rafael Nuñez. Programa de Ingenieria de Sistemas, 2025. |
| 504 ## - BIBLIOGRAPHY, ETC. NOTE | |
| Bibliography, etc. note | Incluye bibliografia. |
| 520 8# - SUMMARY, ETC. | |
| Summary, etc. | "Este proyecto se centra en el desarrollo de una Plataforma Multimodal de Servicios de IA, cuyo principal objetivo es mejorar y diferenciar la interacción de los usuarios con la plataforma mediante la integración de múltiples tecnologías de inteligencia artificial. La IA utilizará modalidades como texto, imágenes y voz en esta plataforma para brindar servicios avanzados que se adapten de manera eficiente y centralizada a las necesidades de las personas/usuarios. No solo procesará información textual, sino que también analizará datos visuales, auditivos y contextuales, lo que permitirá una interacción más completa. Esto se logra mediante la integración sinérgica de varias tecnologías de IA, como el procesamiento de lenguaje natural (PLN), la visión por computadora, el reconocimiento de voz y los modelos generativos avanzados. Estas tecnologóas combinadas brindarán a los usuarios una experiencia fluida y gratificante." |
| 590 ## - LOCAL NOTE (RLIN) | |
| Local note | Ingenieria de Sistemas |
| 650 #0 - SUBJECT ADDED ENTRY--TOPICAL TERM | |
| Topical term or geographic name entry element | Ingenieria de Sistemas |
| Form subdivision | Tesis y disertaciones academicas. |
| 700 1# - ADDED ENTRY--PERSONAL NAME | |
| Personal name | Bayuelo Bello, Edwin Enrique. |
| 700 1# - ADDED ENTRY--PERSONAL NAME | |
| Personal name | Meriño Torres, Daniel José. |
| 700 1# - ADDED ENTRY--PERSONAL NAME | |
| Personal name | Acosta Solano, Jairo, |
| Relator term | director. |
| 700 1# - ADDED ENTRY--PERSONAL NAME | |
| Personal name | Julio Narváez, Yenny, |
| Relator term | codirectora. |
| 700 1# - ADDED ENTRY--PERSONAL NAME | |
| Personal name | Vitola Quintero, Marena, |
| Relator term | codirectora. |
| 700 1# - ADDED ENTRY--PERSONAL NAME | |
| Personal name | Cardona Acuña, Yair, |
| Relator term | codirector. |
| 856 7# - ELECTRONIC LOCATION AND ACCESS | |
| Uniform Resource Identifier | <a href="https://unicurn.sharepoint.com/:b:/s/biblioteca/IQAH-iZUqtZWQZLxdRLux1hdAR7Y8IwxP-HXILM0XZKBYHs?e=89Jc5j">https://unicurn.sharepoint.com/:b:/s/biblioteca/IQAH-iZUqtZWQZLxdRLux1hdAR7Y8IwxP-HXILM0XZKBYHs?e=89Jc5j</a> |
| Public note | Click aqui para ver el recurso en texto completo |
| 942 ## - ADDED ENTRY ELEMENTS (KOHA) | |
| Classification part | INS 2025 |
| Item part | B562 |
| Source of classification or shelving scheme | Dewey Decimal Classification |
| Koha item type | Trabajos de grado |
| Withdrawn status | Lost status | Damaged status | Not for loan | Collection | Home library | Current library | Shelving location | Date acquired | Cost, normal purchase price | Inventory number | Total checkouts | Full call number | Barcode | Date last seen | Price effective from | Koha item type |
|---|---|---|---|---|---|---|---|---|---|---|---|---|---|---|---|---|
| Trabajos de grado | Miguel Henríquez Castañeda | Miguel Henríquez Castañeda | Trabajo de grado | 09/23/2018 | 35000.00 | 025691 | INS 2025 B562 | 025691 | 12/12/2025 | 12/12/2025 | Trabajos de grado |